广西壮族自治区县级市 - Statistics

General Stats
  • This quiz has been taken 14 times
  • The average score is 7 of 10
Answers on the Map
Answers color-coded by a green-red scale on the quiz's map according to % correct below.
 
Answer Stats
Answer % Correct
凭祥市
92%
东兴市
85%
北流市
77%
平果市
77%
横州市
69%
桂平市
69%
靖西市
62%
合山市
62%
荔浦市
46%
岑溪市
46%
No matching quizzes found
Score Distribution
Percent of People with Each Score
Percentile by Number Answered
Your Score History
You have not taken this quiz